Odsun nebo vyhnání? Sudetští Němci v Československu v letech 1945-1946

Na minha lista:
Detalhes bibliográficos
Autor principal: Kučera, Jaroslav
Formato: Livro
Idioma:tcheco
Publicado em: Praha H A H 1992
Edição:1. vyd.
Colecção:Panorama dějin
Assuntos:
Tags: Adicionar Tag
Sem tags, seja o primeiro a adicionar uma tag!

MARC

LEADER 00000nam a2200000 4500
001 c001743
005 20221214090225.1
020 |a 80-85467-32-1 
041 0 |a cze 
044 |a CZ 
245 1 0 |a Odsun nebo vyhnání?  |b Sudetští Němci v Československu v letech 1945-1946  |c Jaroslav Kučera 
250 |a 1. vyd. 
264 1 |a Praha  |b H A H  |c 1992 
300 |a 39 s. 
490 1 |a Panorama dějin 
830 0 |a Panorama dějin 
610 2 0 |a ČSFR 
610 2 0 |a 1945-1946 
610 2 0 |a história 
610 2 0 |a Česko 
610 2 0 |a politika vnútorná 
610 2 0 |a politika národnostná 
610 2 0 |a Sudetskí Nemci 
100 1 |a Kučera, Jaroslav